Statistics for Hawaiian Islands Biggest to Smallest by Population

Click here to take the quiz!

General Stats

  • This quiz has been taken 38 times
  • The average score is 6 of 8

Answer Stats

PopulationIsland% Correct
185,079Hawai'i
97%
953,207O'ahu
97%
144,444Maui
91%
66,921Kaua'i
78%
3,135Lāna'i
78%
7,345Moloka'i
69%
170Ni'ihau
66%
0Kaho'olawe
56%

Score Distribution

Percentile by Number Answered

Percent of People with Each Score

Your Score History

You have not taken this quiz